[Event "II Miedzynarodowy Memorial Ireny Warakomskiej - Open C"]
[Site "Suwalki"]
[Date "2018.08.02"]
[Round "1.1"]
[White "Tarawski, Adrian "]
[Black "Mecelica, Erikas "]
[Result "0-1"]
[WhiteTitle ""]
[BlackTitle ""]
[WhiteElo "1278"]
[BlackElo "1560"]

1. e4 c5 2. c3 e6 3. Nf3 Nc6 4. d4 cxd4 5. cxd4 d5 6. Nc3 Nf6 7. e5 Ne4 8. Bd3
Bb4 9. Qc2 f5 10. exf6 Nxf6 11. O-O O-O 12. Bg5 h6 13. Be3 a6 14. Nh4 e5 15. dxe5
Nxe5 16. Bd4 Nc6 17. Bxf6 Qxf6 18. Bh7+ Kh8 19. Ng6+ Kxh7 20. Nxf8+ Kg8 21. Qh7+
Kxf8 22. Qh8+ Kf7 23. Nxd5 Qg5 24. Ne3 Qg6 25. Rac1 Rb8 26. Rxc6 Qxc6 27. Qd8
Qd6 28. Qh4 Be6 29. Rd1 Bd5 30. Nf5 Qf6 31. Qh5+ Qg6 0-1

[Event "II Miedzynarodowy Memorial Ireny Warakomskiej - Open C"]
[Site "Suwalki"]
[Date "2018.08.02"]
[Round "1.2"]
[White "Seredyn, Dominik "]
[Black "Olszewski, Antoni"]
[Result "1-0"]
[WhiteTitle ""]
[BlackTitle ""]
[WhiteElo "1543"]
[BlackElo "1253"]

1. e4 c5 2. Nf3 e6 3. d4 cxd4 4. Nxd4 a6 5. Be3 Nf6 6. Nc3 d6 7. Be2 Be7 8. O-O
O-O 9. f4 Nc6 10. Bf3 Qc7 11. Qe1 Bd7 12. Qf2 Rac8 13. Kh1 b5 14. a3 Nxd4 15.
Bxd4 e5 16. Bb6 Qb7 17. f5 Rc6 18. Be3 Rc4 19. Rae1 Rfc8 20. Bd2 a5 21. Be2 Nxe4
22. Nxe4 Rxe4 23. Bf3 Bxf5 24. Bxe4 Bxe4 25. Qxf7+ Kh8 26. Rxe4 Qxe4 27. Qxe7
h6 28. Qxd6 Rxc2 29. Rg1 Qe2 30. Bxa5 Rxb2 31. Bc3 Rc2 32. Bxe5 Rd2 33. Qxh6+
1-0

[Event "II Miedzynarodowy Memorial Ireny Warakomskiej - Open C"]
[Site "Suwalki"]
[Date "2018.08.02"]
[Round "1.3"]
[White "Zajac, Robert"]
[Black "Ingielewicz, Konrad"]
[Result "1/2-1/2"]
[WhiteTitle ""]
[BlackTitle ""]
[WhiteElo "1248"]
[BlackElo "1539"]

1. d4 Nf6 2. Bf4 d5 3. Nf3 g6 4. Nc3 c6 5. e3 Bf5 6. Bd3 Bxd3 7. cxd3 Bg7 8. h3
Nbd7 9. O-O O-O 10. Re1 c5 11. Qb3 cxd4 12. exd4 Nb6 13. a4 a5 14. Nb5 Rc8 15.
Rac1 Qd7 16. Ne5 Qf5 17. Bd2 Rxc1 18. Rxc1 Nfd7 19. Nxd7 Nxd7 20. Bxa5 Qf4 21.
Rc7 b6 22. Rxd7 Qc1+ 23. Kh2 Qf4+ 24. Kg1 Qc1+ 25. Kh2 Qf4+ 26. Kg1 Qc1+ 27. Kh2
1/2-1/2

[Event "II Miedzynarodowy Memorial Ireny Warakomskiej - Open C"]
[Site "Suwalki"]
[Date "2018.08.02"]
[Round "1.4"]
[White "Kaminski, Stefan "]
[Black "Burak, Vyacheslav"]
[Result "1-0"]
[WhiteTitle ""]
[BlackTitle ""]
[WhiteElo "1518"]
[BlackElo "1236"]

1. d4 d5 2. c4 c6 3. c5 b6 4. cxb6 axb6 5. Nc3 Nf6 6. Nf3 e6 7. Bg5 c5 8. dxc5
bxc5 9. e3 h6 10. Bf4 Be7 11. Be2 Qb6 12. Qc2 O-O 13. O-O Bd7 14. Rfd1 Nc6 15.
Bf1 Nb4 16. Qc1 Ra7 17. a3 Rfa8 18. h3 Nc6 19. Bg3 Na5 20. Rb1 Nb3 21. Qc2 d4
22. exd4 cxd4 23. Ne4 Ba4 24. Nxf6+ Bxf6 25. Re1 Nc5 26. Qd2 Rd8 27. Be5 Bxe5
28. Nxe5 d3 29. Nc4 Qb8 30. b4 Nb3 31. Qc3 Nd4 32. Bxd3 Rc7 33. Qb2 Nb5 34. Bf1
Rdc8 35. Rbc1 Qa7 36. Na5 Qd4 37. Qxd4 Nxd4 38. Rxc7 Rxc7 39. f3 Nc2 40. Rc1 Rd7
41. Nc4 Rc7 42. Nb2 Bb3 43. b5 Ra7 44. Bd3 Nxa3 45. Rc8# 1-0

[Event "II Miedzynarodowy Memorial Ireny Warakomskiej - Open C"]
[Site "Suwalki"]
[Date "2018.08.02"]
[Round "1.5"]
[White "Gladyszewski, Adam "]
[Black "Rog, Mateusz "]
[Result "1-0"]
[WhiteTitle ""]
[BlackTitle ""]
[WhiteElo "1220"]
[BlackElo "1510"]

1. d4 d5 2. c4 c6 3. Nf3 Nf6 4. Nc3 dxc4 5. e4 b5 6. e5 Nd5 7. g3 Bf5 8. Nh4 Nxc3
9. bxc3 Be4 10. f3 Bd5 11. Be2 e6 12. O-O g5 13. Ng2 h5 14. Ne3 h4 15. Nxd5 cxd5
16. g4 Be7 17. h3 Nc6 18. Bd2 a5 19. a3 Qc7 20. f4 f6 21. Qb1 Kd7 22. Rf3 gxf4
23. exf6 Bxf6 24. Bxf4 e5 25. Qf5+ Ke7 26. dxe5 Nxe5 27. Re3 Qb6 28. Kf2 Rhf8
29. Bf3 Kd8 30. Bxe5 Bxe5 31. Qxe5 Re8 32. Qxd5+ 1-0

[Event "II Miedzynarodowy Memorial Ireny Warakomskiej - Open C"]
[Site "Suwalki"]
[Date "2018.08.02"]
[Round "1.6"]
[White "Volkov, Aleksandr"]
[Black "Rzecki, Andrzej"]
[Result "1-0"]
[WhiteTitle ""]
[BlackTitle ""]
[WhiteElo "1506"]
[BlackElo "1217"]

1. e4 e5 2. Nc3 Nf6 3. a3 c6 4. Bc4 Bc5 5. Qf3 d6 6. h3 Be6 7. Bxe6 fxe6 8. d3
Qe7 9. Be3 Bb6 10. O-O-O Nbd7 11. Nge2 Bxe3+ 12. Qxe3 c5 13. f4 Nb6 14. fxe5 dxe5
15. Qg3 Nbd7 16. Nb5 O-O 17. h4 a6 18. Nbc3 Nh5 19. Qg4 Ndf6 20. Qg5 Qd6 21. g4
h6 22. Qg6 Nf4 23. Nxf4 exf4 24. Rde1 Qe5 25. g5 Nh7 26. gxh6 Rf7 27. Rhg1 Raf8
28. Ref1 Kh8 29. hxg7+ Rxg7 30. Qxg7+ Qxg7 31. Rxg7 Kxg7 32. Rf3 e5 33. Na4 Rc8
34. Nb6 Rd8 35. Kd2 Nf6 36. Nc4 Nxe4+ 37. Ke1 Ng3 38. Kf2 Kf6 39. Ne3 Kg6 40.
Nc4 Kh5 41. Nxe5 Re8 42. Rxf4 Rxe5 43. Kxg3 b5 44. b4 cxb4 45. axb4 1-0

[Event "II Miedzynarodowy Memorial Ireny Warakomskiej - Open C"]
[Site "Suwalki"]
[Date "2018.08.02"]
[Round "1.7"]
[White "Wysocka, Edyta "]
[Black "Czarnomski, Dominik"]
[Result "0-1"]
[WhiteTitle ""]
[BlackTitle ""]
[WhiteElo "1214"]
[BlackElo "1493"]

1. e4 e6 2. d4 d5 3. Nc3 Nf6 4. e5 Nfd7 5. Nf3 c5 6. Bb5 a6 7. Bxd7+ Bxd7 8. Be3
cxd4 9. Bxd4 Nc6 10. O-O Qc7 11. Re1 Nxd4 12. Nxd4 Bb4 13. Qd3 Bxc3 14. Qxc3 Qxc3
15. bxc3 Rc8 16. Rab1 b5 17. Rb3 Ke7 18. Re3 f6 19. f4 fxe5 20. Rxe5 Rhf8 21.
f5 Kd6 22. Re3 e5 23. Nf3 e4 24. Nd4 Bxf5 25. Rb1 Rf7 26. h3 Bd7 27. Rd1 Rc4 28.
Ne2 Ra4 29. Ra1 Be8 30. a3 Rc7 31. Ra2 Bh5 32. g4 Bf7 33. Ra1 a5 34. Nd4 Be8 35.
Nb3 b4 36. cxb4 axb4 37. axb4 Rxc2 38. Rxa4 Bxa4 39. Nd4 Rc1+ 40. Kf2 Ke5 41.
Ra3 Kxd4 42. Rxa4 Rc2+ 43. Ke1 Rc7 44. Ke2 Kc4 45. Ra5 d4 46. b5 Rb7 47. b6 Rxb6
48. Ra7 Rb2+ 49. Kd1 e3 50. Re7 Kd3 51. Kc1 Rh2 52. Rxg7 Rh1+ 53. Kb2 e2 0-1

[Event "II Miedzynarodowy Memorial Ireny Warakomskiej - Open C"]
[Site "Suwalki"]
[Date "2018.08.02"]
[Round "1.8"]
[White "Kaliszuk, Kamil"]
[Black "Karut, Kacper"]
[Result "1/2-1/2"]
[WhiteTitle ""]
[BlackTitle ""]
[WhiteElo "1479"]
[BlackElo "1208"]

1. c4 e5 2. Nc3 f5 3. d3 Nf6 4. g3 Nc6 5. Bg2 g6 6. e3 Bg7 7. Nge2 O-O 8. O-O d6
9. Rb1 Qe8 10. b4 h6 11. b5 Nd8 12. Bb2 Ne6 13. f4 exf4 14. gxf4 Ng4 15. Qd2 Nc5
16. Nd5 Qf7 17. h3 Nf6 18. Nd4 Rb8 19. Ba1 Kh7 20. Rbd1 Nxd5 21. Bxd5 Qe7 22.
Rfe1 Qh4 23. Qg2 Nxd3 24. Re2 Nc5 25. Nf3 Qe7 26. Bxg7 Kxg7 27. h4 Ne4 28. h5
g5 29. Rd3 g4 30. Nh2 Nc5 31. Ra3 Ra8 32. e4 Nxe4 33. Bxe4 fxe4 34. Rxe4 Qh4 35.
Rg3 Qxh5 36. Nxg4 Bxg4 37. Rxg4+ Kf6 38. f5 Rae8 39. Qf3 Rg8 40. Kf1 Rxe4 41.
Rg6+ Rxg6 42. Qxh5 Rf4+ 1/2-1/2

[Event "II Miedzynarodowy Memorial Ireny Warakomskiej - Open C"]
[Site "Suwalki"]
[Date "2018.08.02"]
[Round "1.9"]
[White "Matczynski, Mariusz"]
[Black "Kieca, Aleksandra"]
[Result "0-1"]
[WhiteTitle ""]
[BlackTitle ""]
[WhiteElo "1208"]
[BlackElo "1477"]

1. e4 c5 2. Nf3 e6 3. d4 cxd4 4. Nxd4 a6 5. Nc3 b5 6. a3 Bb7 7. Be3 Qc7 8. Be2
Nf6 9. Bf3 Nc6 10. O-O Ne5 11. Bf4 Nxf3+ 12. Qxf3 d6 13. Bg5 Be7 14. Rad1 O-O
15. h3 Rfe8 16. Qe3 Rac8 17. Nf3 Ba8 18. Rfe1 Nd7 19. Bxe7 Rxe7 20. Qg5 Nb6 21.
e5 d5 22. Nh2 Nc4 23. Rb1 h6 24. Qg3 Nxb2 25. Nxb5 axb5 26. Rxb2 Qa5 27. Rf1 Rec7
28. Qd3 Bc6 29. Nf3 Be8 30. Nd4 Rc4 31. Rfb1 Rc3 32. Qe2 Qxa3 33. Nxb5 Bxb5 34.
Qxb5 Rxc2 35. Rxc2 Rxc2 36. Qd7 Rc1+ 37. Rxc1 Qxc1+ 38. Kh2 Qf4+ 39. Kg1 d4 40.
Qd6 Qc1+ 41. Kh2 Qc3 42. Qb8+ Kh7 43. Qb1+ d3 44. Kg1 Qc2 45. Qa1 d2 46. Kf1 Qc1+
47. Qxc1 dxc1=Q+ 48. Ke2 Qb2+ 49. Kf1 Qxe5 50. Kg1 Kg6 0-1

[Event "II Miedzynarodowy Memorial Ireny Warakomskiej - Open C"]
[Site "Suwalki"]
[Date "2018.08.02"]
[Round "1.10"]
[White "Kutylo, Konrad "]
[Black "Bednarska, Julita"]
[Result "1/2-1/2"]
[WhiteTitle ""]
[BlackTitle ""]
[WhiteElo "1470"]
[BlackElo "1190"]

1. d4 d5 2. c4 e6 3. Nc3 Nf6 4. Nf3 Be7 5. e3 O-O 6. Bd3 b6 7. O-O Bb7 8. b3 Nbd7
9. Bb2 c5 10. Qe2 cxd4 11. Nxd4 dxc4 12. Bxc4 Ne5 13. Ba6 Qc8 14. Bxb7 Qxb7 15.
Rac1 Rac8 16. Ncb5 Ned7 17. Rfd1 h6 18. Qf3 Qxf3 19. Nxf3 a6 20. Nbd4 Nc5 21.
Rc2 Nd5 22. a3 a5 23. Rdc1 Bf6 24. e4 Ne7 25. e5 Bg5 26. Nxg5 hxg5 27. Rd1 Nd5
28. g3 f6 29. Nb5 Nxb3 30. Rxc8 Rxc8 31. Nd6 Rc6 32. Ne4 Nc5 33. Rc1 1/2-1/2

[Event "II Miedzynarodowy Memorial Ireny Warakomskiej - Open C"]
[Site "Suwalki"]
[Date "2018.08.02"]
[Round "1.11"]
[White "Bednarski, Pawel "]
[Black "Tomicki, Marek "]
[Result "0-1"]
[WhiteTitle ""]
[BlackTitle ""]
[WhiteElo "1167"]
[BlackElo "1467"]

1. e4 c5 2. Nc3 a6 3. d3 d6 4. f4 e6 5. Nf3 b5 6. a3 Nd7 7. Be2 Bb7 8. O-O Qc7
9. Kh1 Ngf6 10. Qe1 b4 11. Nd1 Be7 12. Ne3 Rc8 13. Qg3 Rg8 14. Bd2 a5 15. f5 e5
16. c3 b3 17. c4 Nh5 18. Qf2 Nf4 19. Nd1 Nxe2 20. Qxe2 Nb8 21. Ng5 Bxg5 22. Bxg5
f6 23. Bd2 h6 24. Nc3 Nc6 25. Nd5 Qf7 26. Qg4 Rd8 27. Ne3 a4 28. Bc3 Nd4 29. Bxd4
cxd4 30. Nd1 Ke7 31. Kg1 g6 32. Qh4 gxf5 33. Rxf5 Bc8 34. Rf1 Qg6 35. g3 h5 36.
Nf2 Qh6 37. h3 Rg6 38. Kh2 Be6 39. Rg1 Rdg8 40. Rad1 Qe3 41. Rg2 Rxg3 42. Rdg1
Rxg2+ 43. Rxg2 Rxg2+ 44. Kxg2 Qd2 45. Qxh5 Qxb2 46. Qh8 Qc1 47. Qg7+ Bf7 48. h4
b2 49. h5 Qg5+ 50. Ng4 Qxg7 51. Kh3 b1=Q 52. h6 Qf1+ 53. Kh4 0-1

[Event "II Miedzynarodowy Memorial Ireny Warakomskiej - Open C"]
[Site "Suwalki"]
[Date "2018.08.02"]
[Round "1.12"]
[White "Kaminski, Lukasz "]
[Black "Szczotka, Matylda"]
[Result "1/2-1/2"]
[WhiteTitle ""]
[BlackTitle ""]
[WhiteElo "1455"]
[BlackElo "1164"]

1. e4 e5 2. Nf3 Nc6 3. Nc3 Nf6 4. d4 exd4 5. Nxd4 Bb4 6. Nxc6 bxc6 7. Bd2 O-O 8.
Bd3 Re8 9. O-O Bxc3 10. Bxc3 Nxe4 11. Bd4 d5 12. f3 Ng5 13. Qd2 h6 14. Rfe1 Rxe1+
15. Rxe1 Ne6 16. Be3 Qf6 17. Qb4 Bd7 18. Bf2 Qg5 19. Be3 Qf6 20. Bf2 Qg5 21. Be3
Qf6 22. Bf2 Qg5 23. Be3 Qf6 1/2-1/2

[Event "II Miedzynarodowy Memorial Ireny Warakomskiej - Open C"]
[Site "Suwalki"]
[Date "2018.08.02"]
[Round "1.13"]
[White "Galaszewski, Karol "]
[Black "Czarniecki, Pawel"]
[Result "0-1"]
[WhiteTitle ""]
[BlackTitle ""]
[WhiteElo "1152"]
[BlackElo "1450"]

1. e4 c5 2. Nf3 e6 3. d4 cxd4 4. Nxd4 a6 5. Nc3 Qc7 6. a3 b5 7. Be3 Bb7 8. Be2
Nf6 9. f3 Be7 10. O-O O-O 11. Qd2 d6 12. Kh1 Nbd7 13. Rfd1 Nb6 14. h3 d5 15. exd5
Nbxd5 16. Nxd5 Nxd5 17. Rac1 Qg3 18. c4 Nxe3 19. Qxe3 Bg5 20. Qd3 Bf4 21. Kg1
Bxc1 22. Rxc1 bxc4 23. Rxc4 Rfd8 24. Qb3 Bd5 25. Nc6 Bxc4 26. Qxc4 Rd7 27. Qe4
Rc8 28. Qc4 Rdc7 29. Ne7+ Kh8 30. Nxc8 Rxc4 31. Bxc4 Qc7 32. Bxa6 Qc6 33. Ne7
Qxa6 34. Kh1 Qb7 35. Kh2 Qxe7 36. b4 Qa7 37. b5 Qxa3 38. b6 Qb4 39. g4 Qxb6 40.
Kg3 Qg1+ 41. Kf4 g5+ 42. Kxg5 Qg3 43. Kf6 Qxf3+ 44. Ke7 Kg7 45. g5 Qa3+ 46. Ke8
f6 47. h4 Qa7 48. Kd8 Qb7 49. Ke8 fxg5 50. hxg5 Kg6 51. Kd8 Kxg5 52. Ke8 Qc7 53.
Kf8 Kf6 54. Kg8 Qg7# 0-1

[Event "II Miedzynarodowy Memorial Ireny Warakomskiej - Open C"]
[Site "Suwalki"]
[Date "2018.08.02"]
[Round "1.14"]
[White "Pieczulis, Blazej"]
[Black "Gres, Rafal"]
[Result "1-0"]
[WhiteTitle ""]
[BlackTitle ""]
[WhiteElo "1442"]
[BlackElo "1149"]

1. d4 d5 2. Nf3 Bf5 3. e3 e6 4. c4 Nf6 5. Nc3 c6 6. Bd3 Bxd3 7. Qxd3 Bd6 8. O-O
Nbd7 9. Re1 O-O 10. b3 e5 11. cxd5 cxd5 12. dxe5 Nxe5 13. Nxe5 Bxe5 14. Bb2 d4
15. Nb5 dxe3 16. Qxd8 exf2+ 17. Kxf2 Raxd8 18. Bxe5 Ng4+ 19. Kg3 f5 20. h3 Rd3+
21. Kh4 Ne3 22. Re2 f4 23. Nd6 Nf5+ 24. Nxf5 Rxf5 25. Kg4 g6 26. Bxf4 h5+ 27.
Kh4 Rxf4+ 28. Kg5 Rf8 29. Kxg6 Rg3+ 30. Kxh5 Rf5+ 31. Kh4 Rfg5 32. Rd1 Rg7 33.
Rd8+ Kh7 34. Kh5 R3g5+ 35. Kh4 Rg3 36. Red2 Kh6 37. b4 Ra3 38. g4 a5 39. R8d6+
Kh7 40. bxa5 Rxa5 41. Rb6 Ra3 42. Rdb2 Ra7 43. g5 Ra4+ 44. Kh5 Ra7 45. h4 Rc7
46. Rh6+ Kg7 47. Rbb6 Rxa2 48. Rbg6+ Kf8 49. Rh8+ Ke7 50. Rg7+ Kd6 51. Rh6+ Ke5
52. Rxc7 1-0

[Event "II Miedzynarodowy Memorial Ireny Warakomskiej - Open C"]
[Site "Suwalki"]
[Date "2018.08.02"]
[Round "1.15"]
[White "Lamch, Michal"]
[Black "Paluch, Andrzej"]
[Result "0-1"]
[WhiteTitle ""]
[BlackTitle ""]
[WhiteElo "1148"]
[BlackElo "1404"]

1. e4 c5 2. c3 d5 3. exd5 Qxd5 4. c4 Qd8 5. Nc3 Nf6 6. g3 Nc6 7. Bg2 Qd3 8. Qe2
Nb4 9. Qxd3 Nxd3+ 10. Kf1 g6 11. Nb5 Kd8 12. a3 Bg7 13. Rb1 Bf5 14. Ra1 Ng4 15.
Nh3 Nxc1 16. Rxc1 Bxb2 17. Re1 Bd3+ 18. Kg1 a6 19. Bxb7 axb5 20. Bxa8 Kd7 21.
Bf3 Ne5 22. Bg2 Bxc4 23. Ng5 Nd3 24. Rb1 Bxa3 25. Bf3 Ne5 26. Bg2 b4 27. h3 b3
28. Ne4 b2 29. Nxc5+ Bxc5 30. Rxb2 Bxf2+ 31. Kh2 Nd3 32. Rb7+ Kd6 33. Rhb1 Rc8
34. Bf1 Bd5 35. Rb8 Rc2 36. Rd8+ Ke6 37. Rxd5 Kxd5 38. Bxd3 Rxd2 39. Bf1 e5 40.
Rb7 Kd6 41. Rxf7 h6 42. Rf6+ Ke7 43. Rxg6 e4 44. Rxh6 Be3+ 0-1

[Event "II Miedzynarodowy Memorial Ireny Warakomskiej - Open C"]
[Site "Suwalki"]
[Date "2018.08.02"]
[Round "1.16"]
[White "Budzisz, Adrian"]
[Black "Kruszynski, Jacek"]
[Result "1-0"]
[WhiteTitle ""]
[BlackTitle ""]
[WhiteElo "1400"]
[BlackElo "1145"]

1. e4 e6 2. d3 c5 3. g3 Nc6 4. Bg2 d5 5. Nd2 Nf6 6. Ngf3 Bd6 7. Qe2 dxe4 8. dxe4
Nd7 9. Nc4 Bc7 10. Be3 b5 11. Ncd2 a6 12. Rd1 Qe7 13. Nb3 Bb6 14. e5 Bb7 15. Bg5
f6 16. exf6 Nxf6 17. O-O Rd8 18. Ne5 Nd4 19. Nxd4 cxd4 20. Bc6+ Kf8 21. Qf3 Bc8
22. Be4 Bd7 23. Bxh7 Be8 24. Bg6 Bc7 25. Nc6 Bxc6 26. Qxc6 Rd6 27. Qa8+ Bd8 28.
Rfe1 Qd7 29. Bf4 Rc6 30. Rxd4 Nd5 31. b3 Qc8 32. Qxc8 Rxc8 33. Rxd5 Ba5 34. Rxe6
Bb4 35. Rd7 Rb8 1-0

[Event "II Miedzynarodowy Memorial Ireny Warakomskiej - Open C"]
[Site "Suwalki"]
[Date "2018.08.02"]
[Round "1.17"]
[White "Oglaza, Dawid"]
[Black "Olszewski, Jan "]
[Result "1-0"]
[WhiteTitle ""]
[BlackTitle ""]
[WhiteElo "1133"]
[BlackElo "1394"]

1. e4 e5 2. Nf3 Nc6 3. Nc3 Nf6 4. d4 exd4 5. Nxd4 Bc5 6. Nxc6 bxc6 7. Bg5 d6 8.
Bc4 Bxf2+ 9. Kxf2 Ng4+ 10. Qxg4 Bxg4 11. Bxd8 Rxd8 12. h3 Bh5 13. Rae1 O-O 14.
b4 Rb8 15. b5 cxb5 16. Bxb5 c6 17. Bd3 Rfe8 18. Rb1 Bg6 19. Rxb8 Rxb8 20. Rb1
Rxb1 21. Nxb1 Kf8 22. g4 Ke7 23. h4 f6 24. h5 Bf7 25. Nc3 Kd7 26. Kf3 Kc7 27.
Kf4 Kb6 28. g5 Bxh5 29. gxf6 gxf6 30. Kf5 Bg6+ 31. Kxf6 Kc5 32. a3 a5 33. Ke6
Kd4 34. Ne2+ Kc5 35. c3 a4 36. Nf4 Be8 37. Ke7 Bg6 38. Ne6+ Kb6 39. Kxd6 h5 40.
Nf4 h4 41. Nxg6 h3 42. e5 1-0

[Event "II Miedzynarodowy Memorial Ireny Warakomskiej - Open C"]
[Site "Suwalki"]
[Date "2018.08.02"]
[Round "1.18"]
[White "Kopaczewski, Zbigniew"]
[Black "Bekier, Piotr"]
[Result "0-1"]
[WhiteTitle ""]
[BlackTitle ""]
[WhiteElo "1391"]
[BlackElo "1132"]

1. e3 d5 2. b3 e5 3. d4 e4 4. c4 c6 5. Bd2 Nf6 6. b4 Na6 7. a3 Be6 8. c5 Nc7 9.
Nc3 Ng4 10. f3 Nf6 11. fxe4 Nxe4 12. Nxe4 dxe4 13. Qc2 f5 14. Ne2 Bf7 15. Nf4
g5 16. Nh3 Bg7 17. Bc4 Bxc4 18. Qxc4 Nd5 19. O-O O-O 20. Rad1 Kh8 21. a4 g4 22.
Nf4 Nxf4 23. Rxf4 Bh6 24. Rf2 g3 25. hxg3 Qg5 26. d5 Qxg3 27. dxc6 bxc6 0-1

[Event "II Miedzynarodowy Memorial Ireny Warakomskiej - Open C"]
[Site "Suwalki"]
[Date "2018.08.02"]
[Round "1.19"]
[White "Zalega, Joanna "]
[Black "Ostrowski, Dymitr"]
[Result "0-1"]
[WhiteTitle ""]
[BlackTitle ""]
[WhiteElo "1105"]
[BlackElo "1379"]

1. d4 d6 2. c4 Nf6 3. Nc3 g6 4. e4 Bg7 5. Nf3 O-O 6. Be2 Nbd7 7. O-O e5 8. Re1
b6 9. Bf1 Bb7 10. Qd3 Re8 11. Bd2 exd4 12. Nxd4 Nc5 13. Qc2 Nfxe4 14. Nb3 Nxb3
15. axb3 Nxd2 16. Qxd2 Qd7 17. b4 a6 18. c5 b5 19. Rad1 Rxe1 20. Rxe1 d5 21. Ne2
Re8 22. Rd1 c6 23. g3 Qe7 24. Re1 Qe5 25. b3 Bc8 26. Bg2 Qb2 27. Qxb2 Bxb2 28.
Kf1 Bf5 29. Rd1 Bf6 30. Nd4 Bxd4 31. Rxd4 Bc2 32. Bh3 f5 33. g4 Re5 34. gxf5 gxf5
35. Rf4 Kg7 36. Kg2 Kf6 37. Rh4 Kg6 38. Kf3 Bxb3 39. Rd4 Re4 40. Rxe4 dxe4+ 41.
Kf4 Be6 42. f3 exf3 43. Kxf3 Kg5 44. Bg2 Bd5+ 45. Kf2 Bxg2 46. Kxg2 Kf4 47. Kf2
Ke4 48. Ke2 f4 49. h3 f3+ 50. Kf2 h5 51. Kf1 Kf4 52. Kf2 0-1

[Event "II Miedzynarodowy Memorial Ireny Warakomskiej - Open C"]
[Site "Suwalki"]
[Date "2018.08.02"]
[Round "1.20"]
[White "Zalega, Maciej "]
[Black "Czarniecka, Anna "]
[Result "1-0"]
[WhiteTitle ""]
[BlackTitle ""]
[WhiteElo "1375"]
[BlackElo "1090"]

1. e4 c5 2. Nf3 Nc6 3. d4 cxd4 4. Nxd4 g6 5. Nc3 Bg7 6. Be3 d6 7. f3 Nf6 8. Qd2
Bd7 9. O-O-O Qc7 10. g4 Ne5 11. Be2 Nc6 12. h4 O-O-O 13. Ncb5 Qb8 14. Nxc6 Bxc6
15. Nxa7+ Kd7 16. Nxc6 bxc6 17. c3 Ke8 18. Bh6 Rg8 19. Bxg7 Rxg7 20. Qh6 Rg8 21.
Bc4 Qb6 22. Rd2 Qc5 23. b3 Qe5 24. Rhd1 d5 25. exd5 cxd5 26. Bb5+ Nd7 27. Rxd5
Qe6 28. Rxd7 Rxd7 29. Bxd7+ Qxd7 30. Rxd7 Kxd7 31. Qxh7 Rf8 32. Qg7 Ke8 33. h5
gxh5 34. gxh5 e6 35. h6 Ke7 36. h7 Ke8 37. Qxf8+ Kxf8 38. h8=Q+ Ke7 39. a4 Kd7
40. a5 Kc7 41. Qf6 Kb7 42. Qxf7+ Ka6 43. Qc7 e5 44. Qb6# 1-0

[Event "II Miedzynarodowy Memorial Ireny Warakomskiej - Open C"]
[Site "Suwalki"]
[Date "2018.08.02"]
[Round "1.21"]
[White "Gladyszewska, Kinga"]
[Black "Wydornik, Robert "]
[Result "0-1"]
[WhiteTitle ""]
[BlackTitle ""]
[WhiteElo "1080"]
[BlackElo "1373"]

1. e4 e5 2. Nf3 Nc6 3. Bc4 Nf6 4. Nc3 Be7 5. d3 d6 6. h3 O-O 7. O-O Na5 8. Bb3
Nxb3 9. axb3 h6 10. Be3 a6 11. Qe2 c6 12. Rfd1 c5 13. Qe1 Be6 14. Rac1 Qc7 15.
Qe2 Rad8 16. Re1 d5 17. exd5 Nxd5 18. Nxd5 Bxd5 19. Rcd1 f6 20. Bd2 Rfe8 21. Bc1
Qc6 22. Bd2 Bf8 23. Nh4 e4 24. dxe4 Rxe4 25. Qh5 Bf7 26. Ng6 Bxg6 27. Qxg6 Rxe1+
28. Rxe1 Rxd2 29. Rc1 Qd7 30. Qh5 Qd5 31. Qg4 f5 32. Qh5 f4 33. Qg4 Rxf2 34. Kxf2
Qd2+ 35. Qe2 Qxc1 36. Qc4+ Kh8 37. Qf7 Qxc2+ 38. Kf3 Qd3+ 39. Kxf4 Qf1+ 0-1

[Event "II Miedzynarodowy Memorial Ireny Warakomskiej - Open C"]
[Site "Suwalki"]
[Date "2018.08.02"]
[Round "1.22"]
[White "Podlewski, Michal"]
[Black "Wiech, Andrzej "]
[Result "1-0"]
[WhiteTitle ""]
[BlackTitle ""]
[WhiteElo "1371"]
[BlackElo "1064"]

1. d4 d5 2. c4 Nf6 3. e3 e6 4. Nf3 Nbd7 5. Nc3 Bd6 6. Bd3 Nb6 7. c5 Be7 8. cxb6
axb6 9. O-O Bd6 10. e4 c5 11. e5 cxd4 12. Nb5 Bb8 13. exf6 Qxf6 14. Bg5 1-0

[Event "II Miedzynarodowy Memorial Ireny Warakomskiej - Open C"]
[Site "Suwalki"]
[Date "2018.08.02"]
[Round "1.23"]
[White "Palacz, Karolina "]
[Black "Hancharevich, Heorhi "]
[Result "0-1"]
[WhiteTitle ""]
[BlackTitle ""]
[WhiteElo "1055"]
[BlackElo "1369"]

1. e4 e5 2. Nf3 Nc6 3. Bc4 Bc5 4. a3 Nf6 5. d3 h6 6. c3 O-O 7. h3 d5 8. exd5 Nxd5
9. O-O Nb6 10. Ba2 Re8 11. Nbd2 Be6 12. b3 Qxd3 13. Bb2 Rad8 14. Bb1 Qd7 15. b4
Bf8 16. b5 Ne7 17. a4 Nc4 18. Bc1 f5 19. Bc2 Nxd2 20. Bxd2 Ng6 21. Qe2 Qf7 22.
Rfd1 Bc4 23. Qe3 e4 24. Nd4 Bc5 25. Qg3 Bd6 26. Qe3 Bc5 27. f3 f4 28. Qf2 e3 29.
Bxg6 Qxg6 30. Qh4 exd2 31. Qxf4 Qd6 32. Qxd2 Re2 33. Qc1 Qg3 34. Rd2 Qxg2# 0-1

[Event "II Miedzynarodowy Memorial Ireny Warakomskiej - Open C"]
[Site "Suwalki"]
[Date "2018.08.02"]
[Round "2.1"]
[White "Mecelica, Erikas "]
[Black "Zalega, Maciej "]
[Result "0-1"]
[WhiteTitle ""]
[BlackTitle ""]
[WhiteElo "1560"]
[BlackElo "1375"]

1. e4 c5 2. Nf3 d6 3. d4 cxd4 4. Nxd4 Nf6 5. Nc3 Nc6 6. f3 e5 7. Nb3 Be7 8. Be3
O-O 9. Qd2 a5 10. a4 Nb4 11. Bc4 Qc7 12. Bd3 Be6 13. O-O-O d5 14. exd5 Nbxd5 15.
Nxd5 Nxd5 16. Kb1 Rfd8 17. Qf2 Nxe3 18. Qxe3 Rac8 19. Rhe1 g6 20. Rc1 Bf8 21.
h4 h5 22. g4 hxg4 23. fxg4 Bxg4 24. Qg5 Bh5 25. Qxe5 Bh6 26. Qxa5 Bxc1 27. Rxc1
Qxa5 28. Nxa5 Rc7 29. Nb3 Bg4 30. Na1 Rd4 31. b3 Bf3 32. Rf1 Be4 33. Rf4 f5 34.
Kb2 Rcd7 35. Kc3 Kg7 36. b4 Kf6 37. Nb3 Ke5 38. Nxd4 Kxf4 39. Ne6+ Kf3 40. a5
Bxd3 41. cxd3 Kg3 42. d4 f4 43. Kd3 f3 44. Ke3 Re7 0-1

[Event "II Miedzynarodowy Memorial Ireny Warakomskiej - Open C"]
[Site "Suwalki"]
[Date "2018.08.02"]
[Round "2.2"]
[White "Wydornik, Robert "]
[Black "Seredyn, Dominik "]
[Result "1-0"]
[WhiteTitle ""]
[BlackTitle ""]
[WhiteElo "1373"]
[BlackElo "1543"]

1. e4 c5 2. Nf3 Nc6 3. d4 cxd4 4. Nxd4 Nf6 5. Nc3 g6 6. Nxc6 bxc6 7. e5 Nh5 8.
Bc4 d5 9. exd6 exd6 10. O-O Bg7 11. Re1+ Kf8 12. Qf3 Qc7 13. Bg5 Be5 14. Qe3 Bb7
15. f4 Bf6 16. g4 Bxg5 17. fxg5 Ng7 18. Qf4 Qb6+ 19. Kh1 c5+ 20. Nd5 Kg8 21. Kg1
Bxd5 22. Bxd5 Rf8 23. Re7 Ne6 24. Qf6 c4+ 25. Kh1 Qe3 26. Rxe6 1-0

[Event "II Miedzynarodowy Memorial Ireny Warakomskiej - Open C"]
[Site "Suwalki"]
[Date "2018.08.02"]
[Round "2.4"]
[White "Hancharevich, Heorhi "]
[Black "Kaminski, Stefan "]
[Result "1-0"]
[WhiteTitle ""]
[BlackTitle ""]
[WhiteElo "1369"]
[BlackElo "1518"]

1. e4 e5 2. Nf3 Nc6 3. Bb5 d6 4. O-O Bg4 5. c3 Nf6 6. d4 exd4 7. cxd4 a6 8. Bxc6+
bxc6 9. Bg5 Be7 10. Nbd2 O-O 11. Qc2 Qe8 12. e5 Nd5 13. Bxe7 Nxe7 14. Rac1 d5
15. h3 Bf5 16. Qd1 h6 17. Nb3 Qb8 18. Qd2 Be4 19. Rc3 Rd8 20. Nc5 Bf5 21. Nh4
Bh7 22. f4 Nf5 23. Nxf5 Bxf5 24. g4 Bh7 25. f5 Qc8 26. Qf4 Rb8 27. b3 Kh8 28.
h4 Rb4 29. a3 Rb5 30. f6 Rf8 31. fxg7+ Kxg7 32. Qf6+ Kg8 33. Rg3 Qd8 34. Qxh6
Rxc5 35. dxc5 d4 36. Rf5 d3 37. Rh5 Qd4+ 38. Kh2 Qe4 39. Qxh7+ Qxh7 40. Rxh7 Rd8
41. Rh6 d2 42. Rg1 Rd3 43. Rd1 1-0

[Event "II Miedzynarodowy Memorial Ireny Warakomskiej - Open C"]
[Site "Suwalki"]
[Date "2018.08.02"]
[Round "2.5"]
[White "Rog, Mateusz "]
[Black "Galaszewski, Karol "]
[Result "1-0"]
[WhiteTitle ""]
[BlackTitle ""]
[WhiteElo "1510"]
[BlackElo "1152"]

1. e4 e6 2. d4 d5 3. e5 Nc6 4. Nf3 Bd7 5. c4 b6 6. cxd5 exd5 7. Nc3 Be6 8. Bb5
Qd7 9. Qa4 Nge7 10. Bg5 O-O-O 11. Bxe7 Qxe7 12. Bxc6 Qb4 13. Qa6+ Kb8 14. Qb7#
1-0